| 000 | 01022nam a22003257a 4500 | ||
|---|---|---|---|
| 001 | BR0303848 | ||
| 003 | BR-BrBNA | ||
| 005 | 20230928101338.0 | ||
| 007 | ta | ||
| 008 | 230509b bl.||||| |||| 00| 0 por d | ||
| 040 |
_aBR-BrBNA _bpor _cBiblioteca Nacional de Agricultura |
||
| 041 | _a(Por) | ||
| 072 | _aE21; U10 | ||
| 090 | _ E21 BR0303848 | ||
| 100 | 1 | _aSilva, A.Q. da | |
| 110 | 1 |
_aUniversidade Federal de Lavras, MG (Brasil) _0Tese (Mestrado) |
|
| 245 | 1 | _aDeterminação do tempo ótimo de dressagem utilizando séries temporais no Controle Estatístico de Processos - CEP | |
| 260 | 3 |
_aLavras, MG (Brasil): _c2003. |
|
| 300 | _a65 p. | ||
| 500 | _aSummaries (Eng, Por), 16 ref.; 7 tables; 17 illus. | ||
| 650 | _aINDÚSTRIA AGRÍCOLA | ||
| 650 | _aDADOS ESTATÍSTICOS | ||
| 650 | _aANÁLISE DE DADOS | ||
| 650 | _aQUALIDADE | ||
| 650 | _aADMINISTRAÇÃO DE EMPRESA | ||
| 650 | _aINDUSTRIALIZAÇÃO | ||
| 650 | _aMÉTODO ESTATÍSTICO | ||
| 909 |
_a202309 _bLucia _c55 _dLucia Elande |
||
| 942 | _cBK | ||
| 999 |
_c65369 _d65369 |
||